Teaching with the tools kids really use : learning with Web and mobile technologies (Record no. 11840)
[ view plain ]
| 000 -LEADER | |
|---|---|
| fixed length control field | 00415nam a22001457a 4500 |
| 020 ## - INTERNATIONAL STANDARD BOOK NUMBER | |
| International Standard Book Number | 9781412972758 |
| 082 ## - DEWEY DECIMAL CLASSIFICATION NUMBER | |
| Classification number | 372.34 BRO |
| 100 ## - MAIN ENTRY--PERSONAL NAME | |
| Personal name | Brooks-Young, Susan |
| 245 ## - TITLE STATEMENT | |
| Title | Teaching with the tools kids really use : learning with Web and mobile technologies |
| 260 ## - PUBLICATION, DISTRIBUTION, ETC. | |
| Place of publication, distribution, etc. | USA |
| Name of publisher, distributor, etc. | Corwin Publishing |
| Date of publication, distribution, etc. | 2010 |
| 300 ## - PHYSICAL DESCRIPTION | |
| Extent | xi, 137p. : |
| Accompanying material | 25 cm |
| 650 ## - SUBJECT ADDED ENTRY--TOPICAL TERM | |
| Topical term or geographic name entry element | Teachers--Training |
| 700 ## - ADDED ENTRY--PERSONAL NAME | |
| Personal name | Susan Brooks-Young |
| 942 ## - ADDED ENTRY ELEMENTS (KOHA) | |
| Koha item type | Book |
| Withdrawn status | Lost status | Damaged status | Not for loan | Collection code | Permanent Location | Current Location | Shelving location | Date acquired | Source of acquisition | Cost, normal purchase price | Total Checkouts | Full call number | Barcode | Date last seen | Date last checked out | Price effective from | Koha item type |
|---|---|---|---|---|---|---|---|---|---|---|---|---|---|---|---|---|---|
| Central Library (CL) | Central Library (CL) | General Stacks | 05/08/2013 | Allied Book Company | 2411.16 | 4 | 372.34 BRO | SEECS012340 | 06/16/2015 | 05/25/2015 | 05/14/2013 | Book |
